Từ điển Việt Pháp Khoảng 140.000 mục từ
Gardado en:
| Autor Principal: | |
|---|---|
| Formato: | Libro |
| Idioma: | Vietnamese |
| Publicado: |
Hà Nội
Hồng Đức
2015
|
| Những chủ đề: | |
| Các nhãn: |
Engadir etiqueta
Sen Etiquetas, Sexa o primeiro en etiquetar este rexistro!
|
| Thư viện lưu trữ: | Trung tâm Học liệu Lê Vũ Hùng, Trường Đại học Đồng Tháp |
|---|
| LEADER | 00804nam a22002538a 4500 | ||
|---|---|---|---|
| 001 | 00043041 | ||
| 008 | 181108s2017####-vm#################vie|d | ||
| 005 | 20181108091128.0 | ||
| 020 | # | # | |c 120000 |
| 041 | 0 | # | |a vie- fra |
| 082 | 1 | # | |a 443 |b T550Đ |
| 100 | 0 | # | |a Lê, Phương Thanh |
| 242 | 2 | 1 | |a Dictionnaire Vietnamien - francais |
| 245 | 0 | 0 | |b Khoảng 140.000 mục từ |a Từ điển Việt Pháp |c Lê Phương Thanh |
| 260 | # | # | |a Hà Nội |b Hồng Đức |c 2015 |
| 300 | # | # | |a 1410 tr. |c 18 cm. |b hình ảnh |
| 653 | # | # | |a Ngôn ngữ |
| 653 | # | # | |a Tiếng Pháp |
| 653 | # | # | |a Tiếng Việt |
| 653 | # | # | |a Từ điển |
| 852 | # | # | |j KD.0024960 |
| 910 | # | # | |d 08/11/2018 |
| 980 | # | # | |a Trung tâm Học liệu Lê Vũ Hùng, Trường Đại học Đồng Tháp |